000 00440nam a2200181Ia 4500
008 230524s9999 xx 000 0 und d
020 _a8122409970
082 _a621.3216
_bBHA
100 _aS.K.Bhattacharya
245 0 _aControl of Electrical Machines
250 _a1ST
260 _aNEW DELHI
_bNAI
_c2002
300 _aXIII;356
500 _aQuantity Number: 2
650 _aElectrical
700 _a Brijinder Signh
942 _cBK
999 _c6597
_d6597